No time to die 2021 / directed by Cary Joji Fukunaga ; story by Neal Purvis, Robert Wade, Cary Joji Fukunaga ; produced by Michael G. Wilson, Barbara Broccoli. (Record no. 20864)

000 -LEADER
fixed length control field 01355nam a22003017a 4500
008 - FIXED-LENGTH DATA ELEMENTS--GENERAL INFORMATION
fixed length control field 250527b xxu||||| |||| 00| 0 eng d
040 ## - CATALOGING SOURCE
Original cataloging agency Cagayan State University
Description conventions RDA
082 ## - DEWEY DECIMAL CLASSIFICATION NUMBER
Classification number 791.4372
Item number N7396 2021
245 ## - TITLE STATEMENT
Title No time to die 2021 / directed by Cary Joji Fukunaga ; story by Neal Purvis, Robert Wade, Cary Joji Fukunaga ; produced by Michael G. Wilson, Barbara Broccoli.
260 ## - PUBLICATION, DISTRIBUTION, ETC. (IMPRINT)
Place of publication, distribution, etc United Kingdom,
-- United States :
Name of publisher, distributor, etc Metro-Goldwyn-Mayer ;
-- Eon Productions ;
-- United Artists Releasing ;
-- Universal Pictures,
Date of publication, distribution, etc 2021.
300 ## - PHYSICAL DESCRIPTION
Extent 1 videofile, (ca. 163 mins.)
Other physical details sound, color.
520 ## - SUMMARY, ETC.
Summary, etc James Bond has left active service. His peace is short-lived when Felix Leiter, an old friend from the CIA, turns up asking for help, leading Bond onto the trail of a mysterious villain armed with dangerous new technology.
650 ## - SUBJECT ADDED ENTRY--TOPICAL TERM
Topical term or geographic name as entry element Action.
650 ## - SUBJECT ADDED ENTRY--TOPICAL TERM
Topical term or geographic name as entry element Adventure.
700 ## - ADDED ENTRY--PERSONAL NAME
Personal name Craig, Daniel, star.
700 ## - ADDED ENTRY--PERSONAL NAME
Personal name Malek, Rami, star.
700 ## - ADDED ENTRY--PERSONAL NAME
Personal name Seydoux, Lea, star.
700 ## - ADDED ENTRY--PERSONAL NAME
Personal name Lynch, Lashana, star.
700 ## - ADDED ENTRY--PERSONAL NAME
Personal name Whishaw, Ben, star.
700 ## - ADDED ENTRY--PERSONAL NAME
Personal name Harris, Naomie, star.
700 ## - ADDED ENTRY--PERSONAL NAME
Personal name Wright, Jeffrey, star.
700 ## - ADDED ENTRY--PERSONAL NAME
Personal name Waltz, Christoph, star.
700 ## - ADDED ENTRY--PERSONAL NAME
Personal name Fiennes, Ralph, star.
700 ## - ADDED ENTRY--PERSONAL NAME
Personal name Sandgren, Linus, cinematographer.
700 ## - ADDED ENTRY--PERSONAL NAME
Personal name Graham, Elliot, editor.
700 ## - ADDED ENTRY--PERSONAL NAME
Personal name Cross, Tom, editor.
942 ## - ADDED ENTRY ELEMENTS (KOHA)
Source of classification or shelving scheme
Item type Audio-Visual Materials
Holdings
Source of acquisition Price effective from Permanent location Date last seen Not for loan Date acquired Source of classification or shelving scheme Koha item type Collection code Shelving location Damaged status Lost status Withdrawn status Current location Full call number
Donation2025-05-27Cagayan State University - Carig Library2025-05-27 2025-05-27 Audio-Visual MaterialsElectronic Media CenterE-Resource Section   Cagayan State University - Carig Library791.4372 N7396 2021

Cagayan State University University Library, Carig Campus
Tuguegarao City, Cagayan 3500 | www.csucarig.edu.ph

Powered by Koha